00690nam a2200229 a 4500001001300000003000900013005001700022008004100039020000800080082001700088100001900105245004300124260003600167300001000203500003500213650002900248700001900277902000800296942000700304952013200311999001700443nice12345678IN_TiNIC20260116015409.0141113s2013 kola grp 000 0 eng  ac000a294.55bMAT1 aMathew, John V aModern Religious and Secular Movements aKolkata, India bSCEPTRE c2013 a183p  aincludes index and biblioraphy aReligious Movement-India1 aMathew, John V bSRS cBK 001040708StackRoom-aHMIbHMId2005-01-01g0.00l27m6o294.55 MAT1p11002786r2023-02-13s2023-01-30v0.00w2014-11-13yBK c19530d19530